Ryan Phillippe Filmography - Statistics

General Stats
  • This quiz has been taken 12 times
    2 since last reset
  • The average score is 42 of 81
Answer Stats
Type Year Name % Correct
Film 1998 54
100%
Film 2014 Catch Hell
100%
Film 1999 Cruel Intentions
100%
TV Show 2012 Damages
100%
Film 1997 I Know What You Did Last Summer
100%
Web Series 2025 Motorheads
100%
TV Show 1992-1993 One Life to Live
100%
TV Show 2015 Secrets and Lies
100%
TV Show 2016-2018 Shooter
100%
Film 2022 American Murderer
50%
Film 2001 Antitrust
50%
TV Film 1994 A Perry Mason Mystery: The Case of the Grimacing Governor
50%
TV Show 2020-2021 Big Sky
50%
Film 2007 Breach
50%
TV Show 2017 Brooklyn Nine-Nine
50%
Film 2006 Chaos
50%
TV Show 1996 Chicago Hope
50%
Film 2022 Collide
50%
Film 2000 Company Man
50%
Film 2004 Crash
50%
Film 1995 Crimson Tide
50%
TV Film 1995 Deadly Invasion: The Killer Bee Nightmare
50%
TV Show 2015 Drunk History
50%
TV Show 1994 Due South
50%
Music Video 1999 Every You, Every Me
50%
TV Show 2017 Famous in Love
50%
Film 2006 Five Fingers
50%
Film 2006 Flags of Our Fathers
50%
Film 2009 Franklyn
50%
Film 2001 Gosford Park
50%
Music Video 2004 Hey Ya!
50%
Web Series 2019 Historical Roasts
50%
Film 1998 Homegrown
50%
Film 2002 Igby Goes Down
50%
TV Show 2022 I Love That for You
50%
TV Show 2000 King of the Hill
50%
Film 2021 Lady of the Manor
50%
Film 1996 Lifeform
50%
Film 1997 Little Boy Blue
50%
Film 2010 MacGruber
50%
Web Series 2021 MacGruber
50%
TV Show 1994 Matlock
50%
TV Show 2014 Men at Work
50%
Film 2023 Miranda's Victim
50%
TV Show 2010 Nick Swardson's Pretend Time
50%
Film 1997 Nowhere
50%
Film 2021 One Shot
50%
Film 1998 Playing by Heart
50%
Film 2024 Prey
50%
Film 2014 Reclaim
50%
Film 2015 Return to Sender
50%
Film 2012 Revenge for Jolly!
50%
TV Show 2015, 2021 Robot Chicken
50%
Film 2024 Saint Clare
50%
TV Show 2010, 2022 Saturday Night Live
50%
Film 2011 Setup
50%
Film 2008 Stop-Loss
50%
Film 2013 Straight A's
50%
Film 2022 Summit Fever
50%
Film 2020 The 2nd
50%
Film 2010 The Bang Bang Club
50%
Short Film 2018 The Circle
50%
TV Show 2012, 2014 The Eric Andre Show
50%
Film 2004 The I Inside
50%
Film 2011 The Lincoln Lawyer
50%
Film 2023 The Locksmith
50%
TV Show 1996 The Outer Limits
50%
Film 2020 The Sound of Philadelphia
50%
Film 2000 The Way of the Gun
50%
TV Short 1996 Time Well Spent
50%
Film 1996 White Squall
50%
TV Show 2020 Will & Grace
50%
Film 2017 Wish Upon
50%
TV Show 2010 WWE Raw
50%
TV Show 2016 WWE SmackDown!
50%
Film 2013 Isolated
0%
Commercial 1991 Nintendo
0%
Film TBA One Mile
0%
Film TBA One More Mile
0%
Film TBA The Patient
0%
TV Mini-Series 1993 The Secrets to Lake Success
0%
No matching quizzes found
Score Distribution
Percent of People with Each Score
Percentile by Number Answered
Your Score History
You have not taken this quiz since the last reset